[Event "CZE-chT1E 2223"]
[Site "Czech Republic"]
[Date "2023.04.01"]
[Round "10.6"]
[White "Dvoulety, Pavel"]
[Black "Klima, Lukas"]
[Result "1-0"]
[WhiteElo "2073"]
[BlackElo "2348"]
[PlyCount "67"]
[EventDate "2022.10.08"]
[EventType "team-tourn"]
[EventRounds "11"]
[EventCountry "CZE"]
[SourceTitle "EXT 2024"]
[Source "ChessBase"]
[SourceDate "2023.10.10"]
[SourceVersion "1"]
[SourceVersionDate "2023.10.10"]
[SourceQuality "1"]
[WhiteTeam "Stare Mesto"]
[BlackTeam "Poruba Slavoj"]
[WhiteTeamCountry "CZE"]
[BlackTeamCountry "CZE"]

1. e4 c5 2. Nc3 e6 3. g3 d5 4. exd5 exd5 5. d4 cxd4 6. Qxd4 Nc6 7. Qxd5 Qe7+ 8. Be3 Nf6 9. Qb5 a6 10. Qb6 Nd7 11. Qc7 g6 12. Nd5 Qe6 13. 0-0-0 Bd6 14. Nf6+ Ke7 15. Rxd6 Qxd6 16. Qxd6+ Kxd6 17. Ne4+ Ke7 18. Nf3 b6 19. Bh3 f5 20. Bg5+ Kf7 21. Nd6+ Ke6 22. Bf4 h6 23. g4 g5 24. gxf5+ Kf6 25. Bd2 Ke7 26. Bc3 Rf8 27. Rd1 Nf6 28. Bg2 Bd7 29. Ne5 Nxe5 30. Bxa8 Neg4 31. Bg2 Nxf2 32. Rd2 N2g4 33. Bb4 Rb8 34. h3 1-0

[Event "Zlin Region-chT 2223"]
[Site "Czech Republic"]
[Date "2022.11.13"]
[Round "3.4"]
[White "Valkovic, Marek"]
[Black "Dvoulety, Pavel"]
[Result "1/2-1/2"]
[WhiteElo "1760"]
[BlackElo "2073"]
[PlyCount "59"]
[EventDate "2022.10.09"]
[EventType "team-tourn"]
[EventRounds "11"]
[EventCountry "CZE"]
[SourceTitle "EXT 2024"]
[Source "ChessBase"]
[SourceDate "2023.10.10"]
[SourceVersion "1"]
[SourceVersionDate "2023.10.10"]
[SourceQuality "1"]
[WhiteTeam "Zlin Malenovice"]
[BlackTeam "Stare Mesto II"]
[WhiteTeamCountry "CZE"]
[BlackTeamCountry "CZE"]

1. d4 d5 2. c4 e6 3. Nc3 c5 4. e3 Nf6 5. Nf3 Nc6 6. Bd3 Be7 7. 0-0 0-0 8. a3 b6 9. cxd5 exd5 10. Re1 Bg4 11. Qa4 Bd7 12. Qc2 c4 13. Bf5 Na5 14. Bd2 Bc6 15. e4 dxe4 16. Nxe4 g6 17. Nxf6+ Bxf6 18. Be4 Bxe4 19. Rxe4 Nb3 20. Rae1 Qd5 21. Bc3 a5 22. h3 Rab8 23. Nd2 Nxd2 24. Qxd2 Rbd8 25. Qf4 Kg7 26. Qe3 Qc6 27. Qe2 Rd5 28. Qf3 Rf5 29. Qe2 Rd5 30. Qf3 1/2-1/2

[Event "CZE-chT2E 2122"]
[Site "Czech Republic"]
[Date "2022.01.16"]
[Round "6.6"]
[White "Wunsch, Radek"]
[Black "Dvoulety, Pavel"]
[Result "1-0"]
[WhiteElo "1876"]
[BlackElo "2113"]
[PlyCount "61"]
[EventDate "2021.10.17"]
[EventType "team-tourn"]
[EventRounds "11"]
[EventCountry "CZE"]
[SourceTitle "EXT 2024"]
[Source "ChessBase"]
[SourceDate "2023.10.10"]
[SourceVersion "1"]
[SourceVersionDate "2023.10.10"]
[SourceQuality "1"]
[WhiteTeam "Brno Lokomotiva"]
[BlackTeam "Stare Mesto II"]
[WhiteTeamCountry "CZE"]
[BlackTeamCountry "CZE"]

1. e4 c5 2. Nf3 Nc6 3. Bb5 a6 4. Bxc6 dxc6 5. d3 Bg4 6. Be3 e6 7. Nbd2 Nf6 8. a4 a5 9. h3 Bxf3 10. Qxf3 Be7 11. 0-0 0-0 12. Nc4 Nd7 13. Qg3 Kh8 14. Bf4 b5 15. axb5 cxb5 16. Bc7 Qc8 17. Nxa5 Bf6 18. c3 Re8 19. Bd6 Ra6 20. e5 Bd8 21. Nb3 Rc6 22. d4 c4 23. Nc5 Nxc5 24. Bxc5 Be7 25. Bxe7 Rxe7 26. Ra5 Rb6 27. Rfa1 Qd7 28. Qf3 Rb8 29. Ra8 Rxa8 30. Rxa8+ Re8 31. Qb7 1-0

[Event "CZE-chT2E 1718"]
[Site "Czech Republic"]
[Date "2018.03.18"]
[Round "10.5"]
[White "Lakatos, Tomas"]
[Black "Dvoulety, Pavel"]
[Result "1-0"]
[WhiteElo "2122"]
[BlackElo "2129"]
[PlyCount "65"]
[EventDate "2017.10.15"]
[EventType "team-tourn"]
[EventRounds "11"]
[EventCountry "CZE"]
[SourceTitle "EXT 2022"]
[Source "ChessBase"]
[SourceDate "2021.10.06"]
[SourceVersion "1"]
[SourceVersionDate "2021.10.06"]
[SourceQuality "1"]
[WhiteTeam "Brno VSK Univ"]
[BlackTeam "Stare Mesto II"]
[WhiteTeamCountry "CZE"]
[BlackTeamCountry "CZE"]

1. e4 c5 2. Be2 Nc6 3. f4 e6 4. Nf3 d5 5. d3 g6 6. 0-0 Bg7 7. c3 Nge7 8. Qe1 b6 9. e5 Ba6 10. a4 d4 11. c4 Bb7 12. Ng5 Nb4 13. Na3 h6 14. Nf3 a6 15. Bd2 Nbc6 16. b4 Qd7 17. b5 axb5 18. Nxb5 Nc8 19. h4 0-0 20. h5 N6e7 21. Nh4 Kh7 22. Bf3 Bxf3 23. Rxf3 Nf5 24. g4 Nxh4 25. Qxh4 gxh5 26. Qxh5 f6 27. f5 exf5 28. gxf5 fxe5 29. Qg6+ Kh8 30. f6 Bxf6 31. Qxh6+ Kg8 32. Rxf6 Qg4+ 33. Kf2 1-0

[Event "CZE-chT2E 1617"]
[Site "Czech Republic"]
[Date "2017.01.29"]
[Round "7.3"]
[White "Dvoulety, Pavel"]
[Black "Skacelik, Petr"]
[Result "0-1"]
[WhiteElo "2118"]
[BlackElo "2162"]
[PlyCount "128"]
[EventDate "2016.09.10"]
[EventType "team-tourn"]
[EventRounds "11"]
[EventCountry "CZE"]
[SourceTitle "EXT 2022"]
[Source "ChessBase"]
[SourceDate "2021.10.06"]
[SourceVersion "1"]
[SourceVersionDate "2021.10.06"]
[SourceQuality "1"]
[WhiteTeam "Stare Mesto II"]
[BlackTeam "Brno Duras II"]
[WhiteTeamCountry "CZE"]
[BlackTeamCountry "CZE"]

1. e4 c5 2. Nc3 Nc6 3. g3 g6 4. Bg2 Bg7 5. d3 d6 6. f4 e6 7. Nf3 Nge7 8. 0-0 0-0 9. Be3 Nd4 10. Qd2 Rb8 11. Rae1 b5 12. Kh1 b4 13. Nd1 a5 14. g4 f5 15. gxf5 exf5 16. Bxd4 cxd4 17. Nf2 Bb7 18. Nh3 h6 19. Qf2 Rc8 20. Re2 fxe4 21. Nxd4 e3 22. Qxe3 Bxg2+ 23. Kxg2 Bxd4 24. Qxd4 Nf5 25. Qd5+ Kh7 26. Qb7+ Rc7 27. Qb6 Rxc2 28. Qa7+ Qc7 29. Qxc7+ Rxc7 30. Ng1 Rfc8 31. Nf3 Rc2 32. Rff2 Rxe2 33. Rxe2 Kg7 34. Kf2 Kf6 35. Nd2 d5 36. Nf3 g5 37. fxg5+ hxg5 38. h3 a4 39. Ke1 Rc1+ 40. Kd2 Rf1 41. Nh2 Rh1 42. Ng4+ Kf7 43. Re5 Ne7 44. Rxg5 Rxh3 45. Nf2 Rh2 46. Ke3 Ke6 47. Rg4 Nc6 48. Rg6+ Kd7 49. Rf6 Rh8 50. Kf4 Re8 51. a3 Re2 52. Ng4 Rxb2 53. axb4 Rxb4+ 54. Kf5 a3 55. Ne5+ Nxe5 56. Kxe5 Ra4 57. Rf1 a2 58. Ra1 Kc6 59. d4 Ra5 60. Ke6 Ra8 61. Ke5 Re8+ 62. Kf4 Re2 63. Kf3 Rb2 64. Kf4 Kb5 0-1

[Event "CZE-chT2E 1415"]
[Site "Czech Republic"]
[Date "2015.04.19"]
[Round "11.5"]
[White "Balazec, Ludovit"]
[Black "Dvoulety, Pavel"]
[Result "1/2-1/2"]
[WhiteElo "1930"]
[BlackElo "2121"]
[PlyCount "134"]
[EventDate "2014.11.02"]
[EventType "team-tourn"]
[EventRounds "11"]
[EventCountry "CZE"]
[SourceTitle "EXT 2022"]
[Source "ChessBase"]
[SourceDate "2021.10.06"]
[SourceVersion "1"]
[SourceVersionDate "2021.10.06"]
[SourceQuality "1"]
[WhiteTeam "Zlin II"]
[BlackTeam "Stare Mesto II"]
[WhiteTeamCountry "CZE"]
[BlackTeamCountry "CZE"]

1. e4 c5 2. Nc3 Nc6 3. Nge2 g6 4. d4 cxd4 5. Nxd4 Bg7 6. Be3 d6 7. Qd2 Nf6 8. f3 0-0 9. 0-0-0 Re8 10. g4 a6 11. h4 Nxd4 12. Bxd4 Be6 13. Kb1 b5 14. h5 Rb8 15. hxg6 hxg6 16. Nd5 Bxd5 17. exd5 e5 18. dxe6 Rxe6 19. g5 Nh5 20. Bh3 Re8 21. Bg4 Bxd4 22. Qxd4 Qb6 23. Bxh5 Qxd4 24. Rxd4 gxh5 25. b3 Rbc8 26. Rh2 Rc6 27. Rdh4 Re3 28. f4 Rf3 29. Rd2 Kg7 30. Rxh5 Rxf4 31. Rh6 f6 32. Rxf6 Rxf6 33. gxf6+ Kxf6 34. Kb2 Ke6 35. Ka3 a5 36. Rh2 Rc5 37. Rh6+ Kd5 38. Kb2 b4 39. Rg6 Kc6 40. Kc1 Rd5 41. Rg8 Kb6 42. Rg4 Kc6 43. a3 Kb5 44. Rg8 Rd4 45. Rb8+ Kc6 46. Ra8 Kb6 47. axb4 axb4 48. Ra4 Kc5 49. Ra5+ Kb6 50. Ra8 Kc6 51. Kb2 Kb6 52. Rc8 Kb7 53. Rd8 Kc7 54. Ra8 Kb6 55. Ra4 Kb5 56. Kc1 Kc5 57. Kb1 Rd1+ 58. Ka2 Rd2 59. Kb2 Rd1 60. Ra5+ Kb6 61. Ra8 Rd4 62. Kc1 Kc6 63. Rb8 Kc7 64. Rh8 Kb6 65. Rh5 Kc6 66. Rg5 Kb6 67. Rh5 Kc6 1/2-1/2

[Event "CZE-chT2E 1415"]
[Site "Czech Republic"]
[Date "2015.02.08"]
[Round "7.5"]
[White "Dvoulety, Pavel"]
[Black "Urban, Vlastimil"]
[Result "0-1"]
[WhiteElo "2121"]
[BlackElo "1967"]
[PlyCount "96"]
[EventDate "2014.11.02"]
[EventType "team-tourn"]
[EventRounds "11"]
[EventCountry "CZE"]
[SourceTitle "EXT 2022"]
[Source "ChessBase"]
[SourceDate "2021.10.06"]
[SourceVersion "1"]
[SourceVersionDate "2021.10.06"]
[SourceQuality "1"]
[WhiteTeam "Stare Mesto II"]
[BlackTeam "Hustopece"]
[WhiteTeamCountry "CZE"]
[BlackTeamCountry "CZE"]

1. e4 c6 2. d4 d5 3. exd5 cxd5 4. Bd3 g6 5. c3 Nc6 6. Bf4 Nh6 7. Nd2 Bf5 8. Be2 Qd7 9. h3 f6 10. g4 Be6 11. Nb3 b6 12. Qd2 Nf7 13. a4 Nd6 14. Qc2 Rc8 15. Ba6 Nb4 16. Qe2 Nxa6 17. Qxa6 Nc4 18. Ra2 Qc6 19. a5 Nxb2 20. Ne2 Qc4 21. Qxc4 Nxc4 22. axb6 axb6 23. f3 h5 24. Rg1 Kf7 25. Nd2 Na5 26. Kf2 hxg4 27. hxg4 Bh6 28. Bxh6 Rxh6 29. Rb1 Rh2+ 30. Ke3 Rc6 31. Rab2 Bc8 32. Rxb6 Ba6 33. c4 Bxc4 34. Nc3 Re6+ 35. Rxe6 Kxe6 36. Rb6+ Kd7 37. Rb8 g5 38. Ra8 Nb3 39. Nxc4 dxc4 40. Ra7+ Ke6 41. Rc7 Nd2 42. d5+ Kd6 43. Rc6+ Kd7 44. Ra6 Nxf3 45. Ra7+ Ke8 46. d6 exd6 47. Ne4 Ne5 48. Nxf6+ Kd8 0-1

[Event "CZE-chT2E 1314"]
[Site "Czech Republic"]
[Date "2014.02.16"]
[Round "8.5"]
[White "Dvoulety, Pavel"]
[Black "Vlacil, Vladimir"]
[Result "0-1"]
[WhiteElo "2135"]
[BlackElo "2058"]
[PlyCount "103"]
[EventDate "2013.11.03"]
[EventType "team-tourn"]
[EventRounds "11"]
[EventCountry "CZE"]
[SourceTitle "EXT 2016"]
[Source "ChessBase"]
[SourceDate "2015.10.08"]
[SourceVersion "1"]
[SourceVersionDate "2015.10.08"]
[SourceQuality "1"]
[WhiteTeam "Stare Mesto II"]
[BlackTeam "Prostejov"]
[WhiteTeamCountry "CZE"]
[BlackTeamCountry "CZE"]

1. e4 c5 2. Nc3 Nc6 3. g3 g6 4. Bg2 Bg7 5. d3 e6 6. f4 d6 7. Nf3 Nge7 8. 0-0 Nd4 9. Nxd4 Bxd4+ 10. Kh1 Rb8 11. Ne2 Bg7 12. g4 f5 13. Ng3 0-0 14. gxf5 exf5 15. c3 Be6 16. Qe2 Qd7 17. Be3 b6 18. a3 d5 19. e5 d4 20. cxd4 cxd4 21. Bg1 Rbc8 22. Qf2 Rfd8 23. Rac1 Rc5 24. Ne2 Rdc8 25. Qxd4 Rd5 26. Qb4 Rxd3 27. Nc3 Bf8 28. Qb5 Qd8 29. Qa6 Rd2 30. Rcd1 Bc4 31. Rxd2 Qxd2 32. Rf2 Qxf2 33. Qxc4+ Rxc4 34. Bxf2 Rxf4 35. Be3 Rc4 36. Bg5 Rc5 37. e6 Re5 38. Kg1 Rxe6 39. Kf2 Kg7 40. Be3 Nc6 41. b4 Ne5 42. Bd4 Kh6 43. Bd5 Re7 44. h3 Nd3+ 45. Kf3 Ne1+ 46. Kf2 Bg7 47. Bxg7+ Kxg7 48. Bb3 Nd3+ 49. Kf3 Ne5+ 50. Kf2 Rd7 51. Nd5 Nd3+ 52. Ke3 0-1

[Event "CZE-chT2E 1314"]
[Site "Czech Republic"]
[Date "2013.12.15"]
[Round "4.4"]
[White "Dvoulety, Pavel"]
[Black "Balsinek, Pavel"]
[Result "1/2-1/2"]
[WhiteElo "2135"]
[BlackElo "2060"]
[PlyCount "111"]
[EventDate "2013.11.03"]
[EventType "team-tourn"]
[EventRounds "11"]
[EventCountry "CZE"]
[SourceTitle "EXT 2016"]
[Source "ChessBase"]
[SourceDate "2015.10.08"]
[SourceVersion "1"]
[SourceVersionDate "2015.10.08"]
[SourceQuality "1"]
[WhiteTeam "Stare Mesto II"]
[BlackTeam "Prusanky Podluzan"]
[WhiteTeamCountry "CZE"]
[BlackTeamCountry "CZE"]

1. e4 c5 2. Nc3 Nc6 3. g3 g6 4. Bg2 Bg7 5. d3 e6 6. f4 d6 7. Nf3 Nge7 8. 0-0 0-0 9. Be3 Nd4 10. Qd2 Nec6 11. Nd1 Rb8 12. Nh4 Ne7 13. c3 Ndc6 14. Qf2 f5 15. Qc2 b6 16. Nf2 d5 17. e5 d4 18. Bd2 dxc3 19. bxc3 Bb7 20. Nf3 Qd7 21. Rfd1 Rfd8 22. c4 h6 23. Bc3 Qc7 24. Rd2 Rd7 25. a3 Bf8 26. Qb3 Kf7 27. Rad1 Rbd8 28. Nh3 Qc8 29. Kf2 Qa8 30. Nhg1 Nc8 31. Bf1 N8e7 32. Be2 Nc8 33. h4 Be7 34. Nh3 Rg8 35. d4 cxd4 36. Nxd4 Nxd4 37. Bxd4 Rgd8 38. h5 Bh1 39. hxg6+ Kxg6 40. Bf1 Bc5 41. Qe3 Bf3 42. Qxf3 Qxf3+ 43. Kxf3 Rxd4 44. Bd3 Ne7 45. g4 Kf7 46. g5 h5 47. Ke2 Ng6 48. Bc2 Rxd2+ 49. Rxd2 Rxd2+ 50. Kxd2 Bxa3 51. Bd1 h4 52. Ba4 Bc5 53. Bd7 Ke7 54. Ba4 Kd8 55. Bd1 Ke7 56. Ba4 1/2-1/2

[Event "CZE-chT2E 1213"]
[Site "Czech Republic"]
[Date "2013.02.17"]
[Round "9.4"]
[White "Dvoulety, Pavel"]
[Black "Kratochvil, Josef"]
[Result "0-1"]
[WhiteElo "2146"]
[BlackElo "2264"]
[PlyCount "80"]
[EventDate "2012.10.14"]
[EventType "team-tourn"]
[EventRounds "11"]
[EventCountry "CZE"]
[SourceTitle "EXT 2016"]
[Source "ChessBase"]
[SourceDate "2015.10.08"]
[SourceVersion "1"]
[SourceVersionDate "2015.10.08"]
[SourceQuality "1"]
[WhiteTeam "Stare Mesto II"]
[BlackTeam "Brno Lokomotiva"]
[WhiteTeamCountry "CZE"]
[BlackTeamCountry "CZE"]

1. e4 c5 2. Nc3 a6 3. g3 b5 4. Bg2 Bb7 5. d3 e6 6. f4 d6 7. Nf3 Nd7 8. 0-0 Qc7 9. Kh1 Be7 10. Be3 Ngf6 11. h3 h5 12. Ng5 Nb6 13. Qe2 d5 14. Bg1 b4 15. Nd1 dxe4 16. dxe4 Bc6 17. c4 Nfd7 18. Nf3 Rd8 19. Nd2 a5 20. Ne3 a4 21. Rad1 Nf6 22. e5 Rxd2 23. Qxd2 Ne4 24. Qe1 h4 25. Bxe4 Bxe4+ 26. Kh2 Bb7 27. b3 g5 28. Bf2 Qc6 29. Rg1 Qf3 30. gxh4 gxf4 31. Ng4 axb3 32. axb3 Qxb3 33. Qd2 Qxc4 34. Nf6+ Kf8 35. Rg4 Nd5 36. Nxd5 Qxd5 37. Qc2 b3 38. Qb1 Qf3 39. Rd2 c4 40. Qc1 c3 0-1

[Event "CZE-chT2E 1213"]
[Site "Czech Republic"]
[Date "2012.12.16"]
[Round "5.4"]
[White "Dvoulety, Pavel"]
[Black "Kopcil, Milan"]
[Result "0-1"]
[WhiteElo "2146"]
[BlackElo "2045"]
[PlyCount "104"]
[EventDate "2012.10.14"]
[EventType "team-tourn"]
[EventRounds "11"]
[EventCountry "CZE"]
[SourceTitle "EXT 2016"]
[Source "ChessBase"]
[SourceDate "2015.10.08"]
[SourceVersion "1"]
[SourceVersionDate "2015.10.08"]
[SourceQuality "1"]
[WhiteTeam "Stare Mesto II"]
[BlackTeam "Napajedla"]
[WhiteTeamCountry "CZE"]
[BlackTeamCountry "CZE"]

1. e4 c5 2. Nc3 Nc6 3. g3 g6 4. Bg2 Bg7 5. d3 Nf6 6. Nh3 d6 7. 0-0 0-0 8. Bg5 Nd4 9. Kh1 Rb8 10. Ne2 Nf3 11. Bxf3 Bxh3 12. Bg2 Bxg2+ 13. Kxg2 c4 14. Bxf6 Bxf6 15. d4 Qb6 16. b3 Qc6 17. f3 e6 18. Qd2 Rfc8 19. c3 b5 20. b4 a5 21. a3 axb4 22. axb4 Ra8 23. Qe3 Rc7 24. Rfd1 Rcc8 25. Qf4 Bg7 26. Qe3 Rxa1 27. Rxa1 Ra8 28. Rxa8+ Qxa8 29. Qd2 Qa1 30. h4 Qb1 31. Qc1 Qxc1 32. Nxc1 f5 33. Ne2 e5 34. dxe5 dxe5 35. Kf2 Kf7 36. h5 Ke6 37. hxg6 hxg6 38. Ng1 Bh6 39. Ke2 Bf8 40. Nh3 Be7 41. Ke3 Bd8 42. f4 Bf6 43. Kf3 Kd6 44. Nf2 exf4 45. exf5 gxf5 46. Nd1 fxg3 47. Kxg3 Ke5 48. Kf3 Bg5 49. Ke2 Ke4 50. Nf2+ Kf4 51. Nh3+ Kg4 52. Ng1 Bf6 0-1

[Event "CZE-chT2E 1213"]
[Site "Czech Republic"]
[Date "2012.11.04"]
[Round "2.4"]
[White "Semenova, Elena"]
[Black "Dvoulety, Pavel"]
[Result "1-0"]
[WhiteElo "2140"]
[BlackElo "2146"]
[PlyCount "57"]
[EventDate "2012.10.14"]
[EventType "team-tourn"]
[EventRounds "11"]
[EventCountry "CZE"]
[SourceTitle "EXT 2016"]
[Source "ChessBase"]
[SourceDate "2015.10.08"]
[SourceVersion "1"]
[SourceVersionDate "2015.10.08"]
[SourceQuality "1"]
[WhiteTeam "Brno Duras II"]
[BlackTeam "Stare Mesto II"]
[WhiteTeamCountry "CZE"]
[BlackTeamCountry "CZE"]

1. e4 c5 2. Nf3 Nc6 3. Bb5 a6 4. Bxc6 dxc6 5. d3 Bg4 6. h3 Bh5 7. Nbd2 Qc7 8. Nc4 e6 9. Bd2 b6 10. Qe2 Nf6 11. g4 Bg6 12. Nce5 Bd6 13. Nxg6 hxg6 14. e5 Nxg4 15. exd6 Qxd6 16. 0-0-0 Nf6 17. Ng5 Qd5 18. c4 Qd6 19. Ne4 Nxe4 20. dxe4 Qe5 21. Qe3 Rh4 22. f4 Qd4 23. Qg3 Qxc4+ 24. Bc3 Rh5 25. f5 Qxa2 26. fxg6 e5 27. Qg4 Rh6 28. Qd7+ Kf8 29. Qd6+ 1-0

[Event "Stare Mesto op"]
[Site "Stare Mesto"]
[Date "2012.08.13"]
[Round "5"]
[White "Dvoulety, Pavel"]
[Black "Neuman, Petr"]
[Result "0-1"]
[WhiteElo "2159"]
[BlackElo "2476"]
[PlyCount "98"]
[EventDate "2012.08.10"]
[EventType "swiss"]
[EventRounds "10"]
[EventCountry "CZE"]
[SourceTitle "CBM 149 Extra"]
[Source "ChessBase"]
[SourceDate "2012.08.24"]
[SourceVersion "1"]
[SourceVersionDate "2012.08.24"]
[SourceQuality "1"]

1. e4 g6 2. d4 Bg7 3. Nf3 d6 4. Bc4 c6 5. Bb3 d5 6. Be3 Bg4 7. h3 Bxf3 8. Qxf3 e6 9. exd5 cxd5 10. 0-0 Ne7 11. c3 0-0 12. Nd2 Nbc6 13. Qe2 a6 14. Bg5 b5 15. a3 Qc7 16. Bxe7 Nxe7 17. f4 Nf5 18. Qf2 Nd6 19. Bc2 a5 20. Bd3 b4 21. cxb4 axb4 22. a4 Nc4 23. Rfc1 Qa7 24. Nf3 Na5 25. Bc2 Rfc8 26. Ne5 Bxe5 27. fxe5 Rc4 28. Rd1 b3 29. Bd3 Rxd4 30. Kh2 Rb4 31. Qf6 Rf8 32. Rf1 Qd4 33. Rf3 Nc6 34. Re1 Qc5 35. Rg3 Qe7 36. Qf2 Qa7 37. Qf6 Qe7 38. Qf2 Na5 39. Rf1 Rxa4 40. Qe2 Qh4 41. Qf2 Rb4 42. Bxg6 hxg6 43. Qc5 Rf4 44. Rxf4 Qxf4 45. Qxa5 Qxe5 46. Qc3 Qxc3 47. Rxc3 Rb8 48. Kg3 d4 49. Rd3 e5 0-1